Catálogo público

Confianza y derecho en América Latina / (Record no. 104417)

MARC details
000 -CABECERA
campo de control de longitud fija 00924nam a2200301 a 4500
001 - NÚMERO DE CONTROL
campo de control 000107955
003 - IDENTIFICADOR DEL NÚMERO DE CONTROL
campo de control CHAP
005 - FECHA Y HORA DE LA ÚLTIMA TRANSACCIÓN
campo de control 20220329143950.0
008 - DATOS DE LONGITUD FIJA--INFORMACIÓN GENERAL
campo de control de longitud fija 131122s2009 mx | |r| |||1|||spa|d
010 ## - NÚMERO DE CONTROL DE LA BIBLIOTECA DEL CONGRESO
Número de control de LC 104417
011 ## - ENLACE DEL NUMERO DE CONTROL DE LA BIBLIOTECA DEL CONGRESO [OBSOLETO]
Número de control de LC 105389
020 ## - NÚMERO INTERNACIONAL ESTÁNDAR DEL LIBRO
Número Internacional Estándar del Libro 9786071600523
040 ## - FUENTE DE LA CATALOGACIÓN
Centro/agencia transcriptor CHAP
082 04 - NÚMERO DE LA CLASIFICACIÓN DECIMAL DEWEY
Número de clasificación 340.5098
Número de documento/Ítem C74
245 00 - MENCIÓN DE TÍTULO
Título Confianza y derecho en América Latina /
Mención de responsabilidad, etc. coordinado por Marcelo Bergman y Carlos Rosenkrantz.
260 ## - PUBLICACIÓN, DISTRIBUCIÓN, ETC.
Lugar de publicación, distribución, etc. México, D.F. :
Nombre del editor, distribuidor, etc. FCE:
-- CIDE,
Fecha de publicación, distribución, etc. 2009.
300 ## - DESCRIPCIÓN FÍSICA
Extensión 312 p.
490 0# - MENCIÓN DE SERIE
Mención de serie Sección de obras de política y derecho
590 ## - NOTA LOCAL (RLIN)
Nota local E11695DGD
Procedencia (VM) [OBSOLETO] 10
Condición del los carretes individuales (VM) [OBSOLETO] 20131125
-- UCH01
-- 1146
590 ## - NOTA LOCAL (RLIN)
Nota local E5995AHE
Procedencia (VM) [OBSOLETO] 05
Condición del los carretes individuales (VM) [OBSOLETO] 20140922
-- UCH01
-- 1402
590 ## - NOTA LOCAL (RLIN)
Nota local E792CSJ
Procedencia (VM) [OBSOLETO] 05
Condición del los carretes individuales (VM) [OBSOLETO] 20131122
-- UCH01
-- 1450
650 14 - PUNTO DE ACCESO ADICIONAL DE MATERIA--TÉRMINO DE MATERIA
Término de materia o nombre geográfico como elemento de entrada Derecho civil
Subdivisión geográfica América Latina.
9 (RLIN) 124705
700 1# - PUNTO DE ACCESO ADICIONAL--NOMBRE DE PERSONA
Nombre de persona Bergman, Marcelo
Término indicativo de función/relación , coord.
9 (RLIN) 124700
700 1# - PUNTO DE ACCESO ADICIONAL--NOMBRE DE PERSONA
Nombre de persona Rosenkrantz, Carlos
Término indicativo de función/relación , coord.
9 (RLIN) 124701
901 ## - ELEMENTOS DE DATOS A LOCAL LDA (RLIN)
a BK
942 ## - ELEMENTOS DE PUNTO DE ACCESO ADICIONAL (KOHA)
Tipo de ítem Koha Libro
942 ## - ELEMENTOS DE PUNTO DE ACCESO ADICIONAL (KOHA)
Suprimir en OPAC 0
Holdings
Estado de retiro Estado de pérdida Fuente del sistema de clasificación o colocación Estado dañado Restricciones de uso No para préstamo Código de colección Localización permanente Ubicación/localización actual Ubicación en estantería Fecha de adquisición Información codificada de la localización en otra ubicación Total de préstamos Signatura topográfica completa Código de barras Fecha visto por última vez Número de copia Precio válido a partir de Tipo de ítem Koha
    Dewey Decimal Classification   Préstamo 15 días   General Biblioteca Central Biblioteca Central Planta alta - Colección General 23/06/2014 LIBRO   340.5098 C74 33724002354371 31/12/2019 c.2 31/12/2019 Libro
    Dewey Decimal Classification   Préstamo 15 días   General Biblioteca Central Biblioteca Central Planta alta - Colección General 22/11/2013 LIBRO   340.5098 C74 33724002361553 31/12/2019   31/12/2019 Libro
    Dewey Decimal Classification   Préstamo 15 días   General Biblioteca Central Biblioteca Central Planta alta - Colección General 22/09/2014 LIBRO   340.5098 C74 33724002423090 31/12/2019 c.3 31/12/2019 Libro